Quelques souvenirs : (notice nᵒ 2848)
[ vue normale ]
| 000 -LEADER | |
|---|---|
| fixed length control field | 02958 a2200361 4500 |
| 001 - CONTROL NUMBER | |
| control field | OB-pur-44247 |
| 003 - CONTROL NUMBER IDENTIFIER | |
| control field | FrMaCLE |
| 005 - DATE AND TIME OF LATEST TRANSACTION | |
| control field | 20251214082557.0 |
| 007 - PHYSICAL DESCRIPTION FIXED FIELD--GENERAL INFORMATION | |
| fixed length control field | cu ||||||m|||| |
| 008 - FIXED-LENGTH DATA ELEMENTS--GENERAL INFORMATION | |
| fixed length control field | 180116e||||||||xx |||||s|||||||||0|fr|d |
| 020 ## - INTERNATIONAL STANDARD BOOK NUMBER | |
| International Standard Book Number | 978-2-7535-6568-5 |
| 024 7# - OTHER STANDARD IDENTIFIER | |
| Standard number or code | 10.4000/books.pur.44247 |
| Source of number or code | doi |
| 040 ## - CATALOGING SOURCE | |
| Original cataloging agency | FR-FrMaCLE |
| 041 ## - LANGUAGE CODE | |
| Language code of text/sound track or separate title | fra |
| 100 1# - MAIN ENTRY--PERSONAL NAME | |
| Personal name | Janvier, Jean |
| 245 10 - TITLE STATEMENT | |
| Title | Quelques souvenirs : |
| Remainder of title | Jean Janvier, Maire de Rennes / |
| Statement of responsibility, etc. | Jean Janvier. |
| 260 ## - PUBLICATION, DISTRIBUTION, ETC. | |
| Place of publication, distribution, etc. | Rennes : |
| Name of publisher, distributor, etc. | Presses universitaires de Rennes, |
| Date of publication, distribution, etc. | 2018. |
| 300 ## - PHYSICAL DESCRIPTION | |
| Extent | 340 p. |
| 500 ## - GENERAL NOTE | |
| General note | Ebook |
| 520 ## - SUMMARY, ETC. | |
| Summary, etc. | Élevé à la dure dans une famille ouvrière du pays de Fougères, orphelin à dix ans, Jean Janvier (1859-1923) gravit tous les échelons de la hiérarchie à la force du poignet. Après un tour de France des compagnons, il devient entrepreneur de bâtiments en 1884 et contribue à créer la fédération syndicale du patronat qu'il préside jusqu'en 1906. Il profite alors de sa notoriété pour se lancer dans l'arène politique. De convictions « démocratiques, laïques et sociales », il prend la tête du parti républicain. Son ascension, dans l'atmosphère fiévreuse, et même volcanique, des banquets monstres où les forces de gauche se reclassent et s'unissent, est exemplaire. Elle est conduite de main de maître dans une région où le divorce entre l'Église et l'État, et surtout l'affaire Dreyfus - dont le procès fut révisé à Rennes en août 1899 - ont laissé des séquelles durables. Élu maire en mai 1908, Janvier s'impose, en dépit de l'hostilité tenace que lui voue la presse locale. Il meurt à la tâche en octobre 1923. Ses quinze années de mandat ont métamorphosé une ville qu'il a littéralement propulsée dans la modernité, avec le double respect de la patrie et du peuple. Avant la guerre, il entreprend une série de grands travaux qui rénovent de fond en comble les équipements collectifs. Entre 1914 et 1918, il incarne l'Union sacrée, œuvrant sans répit à la cohésion et à la justice. Après la guerre, il a l'intuition immédiate - quoique contestée - de relancer un vaste programme de développement. Tenue dans le secret de son cabinet, la chronique de ces années dures, n'a jamais été publiée. Elle découvre une personnalité complexe, un remarquable destin d'élu et de décideur, féru d'architecture et d'urbanisme, mais privé d'une reconnaissance nationale qui en eût peut-être fait l'égal, pour Rennes, de ce que fut Édouard Herriot, pour Lyon. |
| 540 ## - TERMS GOVERNING USE AND REPRODUCTION NOTE | |
| Terms governing use and reproduction | OpenEdition Books License |
| Uniform Resource Identifier | <a href="https://www.openedition.org/12554">https://www.openedition.org/12554</a> |
| 650 #4 - SUBJECT ADDED ENTRY--TOPICAL TERM | |
| Topical term or geographic name entry element | History |
| Topical term or geographic name entry element | Rennes |
| Topical term or geographic name entry element | Bretagne |
| Topical term or geographic name entry element | XXe siècle |
| Topical term or geographic name entry element | maire |
| Topical term or geographic name entry element | Jean Janvier |
| 700 1# - ADDED ENTRY--PERSONAL NAME | |
| Personal name | Andrieux, Jean-Yves |
| Personal name | Laurent, Catherine |
| 760 0# - MAIN SERIES ENTRY | |
| International Standard Serial Number | 2827-301X |
| 776 ## - ADDITIONAL PHYSICAL FORM ENTRY | |
| International Standard Book Number | 978-2-86847-550-3 |
| 856 4# - ELECTRONIC LOCATION AND ACCESS | |
| Data provenance | Andrieux, Jean-Yves |
| Uniform Resource Identifier | <a href="https://books.openedition.org/pur/44247">https://books.openedition.org/pur/44247</a> |
| Link text | Quelques souvenirs |
Pas d'exemplaire disponible.
